000 00880cam a22002891 4500
001 12385
003 BD-RjUL
005 20211208235302.0
008 140128s1951 enka 000 0 eng
035 _a(BD-RjUL)12434
035 _a(OCoLC)14662726
040 _aDLC
_cDNLM
_dBD-RjUL
_beng
041 _aeng
060 0 _aQL 703
_bT247f 1951
082 _a611.072
_bTAF 1965
100 1 _aTaylor, William T.
_d1909-
_938456
245 1 0 _aFunctional mammalian anatomy :
_bwith special reference to the cat /
_cWilliam T. Taylor and Richard J. Weber.
260 _aNew York :
_bVan Nostrand,
_cc1951 [reprint 1965].
300 _axi, 575 p. :
_billus. ;
_c23 cm.
504 _aInclude index.
650 0 _aMammals
_xAnatomy.
_937796
650 0 _aCats
_xAnatomy.
_938457
700 1 _aWeber, Richard J.
_938458
942 _2ddc
_cBK
999 _c12385
_d12385